| 000 | 00750nam a22002177a 4500 | ||
|---|---|---|---|
| 005 | 20180601110843.0 | ||
| 010 | _aB-694053 | ||
| 020 |
_a9789339204044 _c735.00 |
||
| 035 | _aB-694053 | ||
| 037 | _bRK Books | ||
| 082 | _a621.3121 | ||
| 100 | _aNag, P K | ||
| 245 |
_aPower Plant Engineering / _cP K Nag |
||
| 250 | _a4th ed. | ||
| 260 |
_aTamilnadu _bMc Graw Hill _c2017 |
||
| 270 |
_a444/1, Sri Ekambara Naicker Industrial Estate, Alapakkam, Porur _bChennai _e600116 |
||
| 300 |
_a955p. _c20cm (Pbk) |
||
| 500 | _aIncludes Index | ||
| 942 |
_2ddc _cEN _h621.3121 _mNAG |
||
| 999 |
_c152340 _d152340 |
||